Southville International School and Colleges
Your cart is empty.
  • Cart
  • Lists
    Public lists Eva Luna New books Lux_list list_1
    Your lists Log in to create your own lists
  • Log in to your account
  • Your cookies
  • Search history
Southville International School and Colleges
  • Advanced search
  • Recent comments
  • Most popular
  • Libraries

Log in to your account

Log in with GOOGLE


If you do not have an external account, but do have a local account, you can still log in:

  1. Home
  2. MARC view: A Philippine album :
Normal view MARC view ISBD view

A Philippine album : (Record no. 18797)

[ view plain ]
MARC details
000 -LEADER
fixed length control field 00484nam a22001697a 4500
003 - CONTROL NUMBER IDENTIFIER
control field OSt
005 - DATE AND TIME OF LATEST TRANSACTION
control field 20140310183107.0
008 - FIXED-LENGTH DATA ELEMENTS--GENERAL INFORMATION
fixed length control field 130305t xxu||||| |||| 00| 0 eng d
020 ## - INTERNATIONAL STANDARD BOOK NUMBER
International Standard Book Number 9715693008
050 ## - LIBRARY OF CONGRESS CALL NUMBER
Classification number DS 655
Item number .B464p 1998
100 ## - MAIN ENTRY--PERSONAL NAME
Personal name Best, Jonathan
245 ## - TITLE STATEMENT
Title A Philippine album :
Statement of responsibility, etc American era photographs 1900-1930 /
Remainder of title Best, Jonathan
260 ## - PUBLICATION, DISTRIBUTION, ETC. (IMPRINT)
Place of publication, distribution, etc Makati City :
Name of publisher, distributor, etc Bookmark,
Date of publication, distribution, etc 1998.
300 ## - PHYSICAL DESCRIPTION
Extent 254 p. :
Dimensions 24 cm.
Other physical details col. ill. ;
942 ## - ADDED ENTRY ELEMENTS (KOHA)
Source of classification or shelving scheme Library of Congress Classification
Koha item type Books
Call number prefix Rare Filipiniana
Holdings
Withdrawn status Lost status Source of classification or shelving scheme Damaged status Home library Current library Shelving location Date acquired Total Checkouts Full call number Barcode Date last seen Copy number Price effective from Koha item type
    Library of Congress Classification   College Library College Library Filipiniana Section 03/05/2013   DS 655 .B464p 1998 C0645 05/08/2018 1 03/05/2013 Books

A Philippine album :

APA

Best J., . (1998). A Philippine album. Makati City: Bookmark.

Chicago

Best Jonathan, . 1998. A Philippine album. Makati City: Bookmark.

Harvard

Best J., . (1998). A Philippine album. Makati City: Bookmark.

MLA

Best Jonathan, . A Philippine album. Makati City: Bookmark. 1998.

  • Place hold
  • Print
  • Cite
  • Add to your cart (remove)
  • Save record
    BIBTEX Dublin Core MARCXML MARC (non-Unicode/MARC-8) MARC (Unicode/UTF-8) MARC (Unicode/UTF-8, Standard) MODS (XML) RIS
  • More searches
    Search for this title in:
    Other Libraries (WorldCat) Other Databases (Google Scholar) Online Stores (Bookfinder.com) Open Library (openlibrary.org)

Exporting to Dublin Core...

SOUTHVILLE LIBRARY

Southville International School and Colleges Library

1281 Tropical Ave. Cor. Luxembourg St., BF Homes International, Las Pinas City

Tel. No. 8256374 / 252358 Loc. 117/146

Powered by Koha